| 000 | 04198namaa22004451i 4500 | ||
|---|---|---|---|
| 003 | OSt | ||
| 005 | 20250223033205.0 | ||
| 008 | 231105s2022 ua a|||frm||| 000 0 eng d | ||
| 040 |
_aEG-GICUC _beng _cEG-GICUC _dEG-GICUC _erda |
||
| 041 | 0 |
_aeng _beng _bara |
|
| 049 | _aDeposit | ||
| 082 | 0 | 4 |
_a617.69 _221 |
| 092 |
_a617.69 _221 |
||
| 097 | _aPh.D | ||
| 099 | _aCai01.09.09.Ph.D.2022.Ka.O | ||
| 100 | 0 |
_aKareem Talaat AbdelWahab Ahmed Ali, _epreparation. |
|
| 245 | 1 | 0 |
_aOne yaer clinical evaluation of translucent zirconia crowns in dental esthatic zone with biologicaly oriented preperation technique (bopt) versus conventional preperation : _bRandomized clinical trail / _cKareem Talaat AbdelWahab Ahmed Ali ; Prof. Dr. Amina Zaki, Dr. Rasha Nabil Sami. |
| 246 | 1 | 5 |
_aا : لتقويم الإكلينيكى لمدة عام لتيجان الزركونيا الشفافة في المنطقة السنية الجمالية باستخدام تقنية التحضيرالموجه حيويا مقارنة بالتحضير التقليدى _bتجربة إكلينيكة عشوائية |
| 264 | 0 | _c2022. | |
| 300 |
_a128 pages : _bIllustrations ; _c25 cm. + _eCD. |
||
| 336 |
_2rdacontent _atext |
||
| 337 |
_2rdamedia _aUnmediated |
||
| 338 |
_2rdacarrier _avolume |
||
| 502 | _aThesis (Ph.D)-Cairo University, 2022. | ||
| 504 | _aBibliography: pages 119-127. | ||
| 520 | _aTo evaluate the clinical behavior of translucent zirconia crowns in dental esthetic zone with biologically oriented preparation technique versus conventional preparation Methodology: For teeth in the aesthetic zone, 44 monolithic translucent zirconia single crowns were fabricated. According to the preparation designs, the patients were separated into two groups. Group1: conventional (horizontal preparation design) Group2: BOPT (vertical preparation design). For the first step, after final cementation. The Modified United States Public Health Service (MUSPH) criteria for restoration clinical evaluations were used to assess marginal adaption, marginal discoloration and fracture, patient satisfaction and gingival inflammation score were assessed immediately after cementation. Then these measures were taken again after three, six, nine, and twelve months. | ||
| 520 | _aهدف هذه الدراسة هو التقويم الاكلينيكي لتيجان الزركونيا الشفافة في المنطقة السنية الجمالية باستخدام تقنية التحضير الموجة حيويا ) التحضير العمودى ( مقارنة بالتحضير التقليدى ) التحضير العرضي( . اشتملت الدراسه علىى تصنيع اربعة و اربعون تاج من الزركونيا الشفافة في المنطقة السنيه الجمالية و تم تقسيم المرضى على مجموعتين : المجموعة الأولى: مجموعه التحضير التقليدى )التتحضير العضرى (. المجموعة الثانية : مجموعة التحضير الموجه حيويا )التحضير العمودى (. تم عمل خطوة تيجان مؤقتة باستخدام تيجان بلاستيكيه و لصقها بصورة مؤقتة لحين الانتهاء من تصنيع التيجان النهائيه من ماده الزركونيا الشفافه المتجانسة . تم استخدام تقنية الكاد /كام لتصنيع كلا من التيجان البلاستيكية و تيجان الزكونيا الشفافة المتجانسة . | ||
| 530 | _aIssues also as CD. | ||
| 546 | _aText in English and abstract in Arabic & English. | ||
| 650 | 1 | 2 |
_aTechnology, Dental _xmethods. |
| 650 | 2 | 2 |
_aTechnology, Dental _xinstrumentation. |
| 653 | 0 | _aPublic Health Service | |
| 700 | 0 |
_aAmina Zaki, _ethesis advisor. |
|
| 700 | 0 |
_aRasha Nabil Sami, _ethesis advisor. |
|
| 700 | 0 |
_aSamaa Nagi Kotb, _ethesis advisor. |
|
| 856 | _uhttp://172.23.153.220/th.pdf | ||
| 900 |
_b01-01-2022 _cAmina Zaki _cRasha Nabil Sami _cSamaa Nagi Kotb _dHanaa Ibrahim Sallam _dMarwa Mohammed Wahsh _UCairo University _FFaculty of Dentistry _DDepartment of Fixed Prosthodontics |
||
| 905 | _aHanan | ||
| 942 |
_2ddc _cTH _e21 _n0 |
||
| 999 |
_c165620 _d165620 |
||